Principios de administración financiera (Registro nro. 3714)

Detalles MARC
000 -CABECERA
Longitud fija campo de control 00920nam a2200253 b 4500
001 - NÚMERO DE CONTROL
Número de control 00000000275005
003 - IDENTIFICADOR DELl NÚMERO DE CONTROL
Identificador del número de control OSt
005 - FECHA Y HORA DE LA ÚLTIMA TRANSACCIÓN
Fecha y hora de la última transacción 20171101084534.0
008 - CÓDIGOS DE INFORMACIÓN DE LONGITUD FIJA
Códigos de información de longitud fija 080205s2003 mex spa
020 ## - NÚMERO INTERNACIONAL NORMALIZADO PARA LIBROS
Número Internacional Normalizado para Libros (ISBN) 970-26-0428-1
040 ## - FUENTE DE LA CATALOGACIÓN
Centro catalogador de origen BR-TO
Centro transcriptor BMC
082 ## - NÚMERO DE LA CLASIFICACIÓN DECIMAL DEWEY
Númeroo de clasificación 658.15
100 1# - PUNTO DE ACCESO PRINCIPAL-NOMBRE DE PERSONA
Nombre de persona Gitman, Lawrence J.
245 10 - MENCIÓN DE TÍTULO
Título Principios de administración financiera
Mención de responsabilidad, etc. Lawrence J. Gitman ; traducción, Elisa Núñez Ramos ; revisión técnica, Javier Cervantes González
250 ## - MENCIÓN DE EDICIÓN
Mención de edición 10ª ed
260 ## - PUBLICACIÓN, DISTRIBUCIÓN, ETC. (PIE DE IMPRENTA)
Lugar de publicación, distribución, etc. Naucalpan de Juárez (México) [etc.]
Nombre del editor, distribuidor, etc. Pearson Educación
Fecha de publicación, distribución, etc. 2003
300 ## - DESCRIPCIÓN FÍSICA
Extensión XL, 559, [68] p.
Otras características físicas il., gráf.
Dimensiones 26 cm
Material anejo + 1 disco compacto.
500 ## - NOTA GENERAL
Nota general Incluye índices
594 ## - NOTA AL TÍTULO Y MENCIÓN DE RESPONSABIBLIDAD
Nota Al Título Y Mención De Responsabilidad Traducido de: Principles of managerial finance : brief, 3th ed.
650 24 - PUNTO DE ACCESO ADICIONAL DE MATERIA - TÉRMINO DE MATERIA
Término de materia o nombre geográfico como elemento inicial Empresas
Subdivisión de materia general Finanzas
9 (RLIN) 5713
700 1# - PUNTO DE ACCESO ADICIONAL - NOMBRE DE PERSONA
Nombre de persona Nuñez Ramos, Elisa
9 (RLIN) 2172
700 1# - PUNTO DE ACCESO ADICIONAL - NOMBRE DE PERSONA
9 (RLIN) 8515
Nombre de persona Cervantes González, Javier
942 ## - ENTRADA DE ELEMENTOS AGREGADOS (KOHA)
Fuente de clasificaión o esquema Dewey Decimal Classification
Koha [por defecto] tipo de item 1- Monografias
Parte de clasificación prozim
Existencias
Suprimido Perdido Fuente de clasificación o esquema Estropeado Restricciones de uso No para préstamo Código de colección Localización permanente Localización actual Localización en estanter&íacute;as Fecha adquisición Fuente de adquisición Número de inventario Préstamos totales Signatura completa Código de barras Fecha última consulta Fecha último préstamo Coste, precio reemplazado Fecha del precio de reemplazo Tipo de item de Koha
NULL NULL Dewey Decimal Classification NULL Prestable NULL NULL Biblioteca Miguel de Cervantes - UNICAES Biblioteca Miguel de Cervantes - UNICAES Sala Principal 20/10/2004 Compra 006135 2 658.15 GIT pri 1006135 10/11/2016 10/11/2016 63.31 04/11/2013 1- Monografias
NULL NULL Dewey Decimal Classification NULL Prestable NULL NULL Biblioteca Miguel de Cervantes - UNICAES Biblioteca Miguel de Cervantes - UNICAES Sala Principal 20/10/2004 Compra 006136 7 658.15 GIT pri 1006136 31/10/2019 30/10/2019 63.31 04/11/2013 1- Monografias